=LDR 00000nam 2200000 4500 =001 INLIS000000000013027 =005 20130612104502 =008 ***********************************Ind** =035 ##$$0010-061300000013027 =041 ##$$a Ind =082 ##$$a R. 346.066 =090 ##$$a R. 346.066, Kan k =100 ##$$a Kansil , C.S.T =245 ##$$a Kitab undang-undang hukum perusahaan, Prof. Drs. C.S.T. Kansil S.H =260 ##$$a 2001 $b Jakarta =300 ##$$a 776 hlm, 21 cm =650 ##$$a Hukum perusahaan - undang-undang dan peraturan =850 ##$$a NBPNMAT